Statistics for Star Wars Characters Deaths

Click here to take the quiz!

General Stats

  • This quiz has been taken 94 times
  • The average score is 13 of 25

Answer Stats

HintAnswer% Correct
Obi-Wan KenobiDarth Vader
99%
Qui-Gon JinnDarth Maul
97%
General GrievousObi-Wan Kenobi
88%
Han SoloKylo Ren
85%
Darth MaulObi-Wan Kenobi
82%
Count DookuAnakin Skywalker
79%
Jango FettMace Windu
74%
YodaOld age
74%
Darth Sidious (ROTJ)Darth Vader
72%
Darth Plagueis The WiseDarth Sidious
69%
Mace WinduDarth Sidious
69%
SnokeKylo Ren
61%
Anakin SkywalkerDarth Sidious
57%
Savage OppressDarth Sidious
54%
Kit FistoDarth Sidious
51%
YaddleCount Dooku
50%
Saessee TiinDarth Sidious
44%
Coleman TreborJango Fett
42%
Agen KolarDarth Sidious
40%
Padmè AmidalaSad
18%
Luke SkywalkerHimself
13%
Kanan JarrusSacrifice
8%
Kylo RenSacrifice
8%
Even PiellAnooba
6%
Leia OrganaUsed the force
1%

Score Distribution

Percentile by Number Answered

Percent of People with Each Score

Your Score History

You have not taken this quiz